Johnny Cash - Oh Bury Me Not Lyrics Quiz - Statistics

General Stats
  • This quiz has been taken 5 times
  • The average score is 68 of 100
Answer Stats
Answer % Correct
a
100%
and
100%
bury
100%
me
100%
no
100%
not
100%
Oh
100%
oh
100%
on
100%
the
100%
who
100%
for
75%
in
75%
lone
75%
prairie
75%
there
75%
to
75%
we
75%
where
75%
will
75%
at
50%
blows
50%
but
50%
by
50%
care
50%
close
50%
day
50%
from
50%
just
50%
low
50%
of
50%
soul
50%
that
50%
theres
50%
these
50%
voice
50%
wind
50%
words
50%
buried
25%
came
25%
coyotes
25%
dying
25%
failed
25%
free
25%
grave
25%
heed
25%
him
25%
his
25%
howl
25%
lay
25%
lips
25%
mournfully
25%
narrow
25%
pallid
25%
prayer
25%
six
25%
three
25%
took
25%
youth
25%
bloody
0%
ground
0%
No matching quizzes found
Score Distribution
Percent of People with Each Score
Percentile by Number Answered
Your Score History
You have not taken this quiz